[Event "Russian Rapid Championship (m)"]
[Site "Sochi"]
[Date "2022.10.16"]
[Round "9.4"]
[White "Ponkratov, Pavel"]
[Black "Tomashevsky, Evgeny"]
[Result "0-1"]
[BlackElo "2631"]
[WhiteElo "2518"]
[LiveChessVersion "1.4.8"]

1. e4 {[%clk 0:15:17]} e5 {[%clk 0:15:18]} 2. Nf3 {[%clk 0:15:26]} Nc6
{[%clk 0:15:27]} 3. Bc4 {[%clk 0:15:32]} Nf6 {[%clk 0:15:33]} 4. d4
{[%clk 0:15:38]} exd4 {[%clk 0:15:32]} 5. e5 {[%clk 0:15:46]} d5 {[%clk 0:15:31]}
6. Bb5 {[%clk 0:15:54]} Ne4 {[%clk 0:15:37]} 7. Nxd4 {[%clk 0:15:58]} Bc5
{[%clk 0:15:20]} 8. O-O {[%clk 0:15:49]} O-O {[%clk 0:11:58]} 9. Bxc6
{[%clk 0:13:36]} bxc6 {[%clk 0:11:37]} 10. Be3 {[%clk 0:13:45]} Bxd4
{[%clk 0:09:20]} 11. Qxd4 {[%clk 0:13:50]} c5 {[%clk 0:09:29]} 12. Qd3
{[%clk 0:13:51]} c4 {[%clk 0:07:24]} 13. Qd1 {[%clk 0:13:02]} Re8
{[%clk 0:05:23]} 14. f3 {[%clk 0:10:18]} Ng5 {[%clk 0:05:32]} 15. f4
{[%clk 0:10:27]} Ne4 {[%clk 0:05:24]} 16. Nc3 {[%clk 0:08:13]} Nxc3
{[%clk 0:05:32]} 17. bxc3 {[%clk 0:08:22]} Bf5 {[%clk 0:05:39]} 18. Qd2
{[%clk 0:08:29]} Qd7 {[%clk 0:05:22]} 19. Rab1 {[%clk 0:08:14]} a5
{[%clk 0:05:03]} 20. Bd4 {[%clk 0:08:10]} Reb8 {[%clk 0:04:30]} 21. h3
{[%clk 0:05:07]} Qa4 {[%clk 0:04:35]} 22. Rbc1 {[%clk 0:04:02]} Rb2
{[%clk 0:03:56]} 23. Rf2 {[%clk 0:04:11]} Rab8 {[%clk 0:04:03]} 24. g4
{[%clk 0:04:19]} Be4 {[%clk 0:04:12]} 25. f5 {[%clk 0:04:28]} Rb1
{[%clk 0:04:08]} 26. e6 {[%clk 0:04:20]} Qa3 {[%clk 0:03:02]} 27. exf7+
{[%clk 0:01:29]} Kxf7 {[%clk 0:03:10]} 28. Rff1 {[%clk 0:01:37]} Rxc1
{[%clk 0:03:14]} 29. Rxc1 {[%clk 0:01:45]} Qd6 {[%clk 0:03:04]} 30. Qf2
{[%clk 0:00:57]} Qh6 {[%clk 0:02:49]} 31. Qe3 {[%clk 0:00:49]} Qxe3+
{[%clk 0:02:57]} 32. Bxe3 {[%clk 0:00:57]} Rb2 {[%clk 0:03:06]} 33. Bd4
{[%clk 0:00:23]} Bxc2 {[%clk 0:02:53]} 34. a3 {[%clk 0:00:22]} Be4
{[%clk 0:02:52]} 35. a4 {[%clk 0:00:21]} Rg2+ {[%clk 0:02:31]} 36. Kf1
{[%clk 0:00:29]} Rh2 {[%clk 0:02:40]} 37. Re1 {[%clk 0:00:23]} Rxh3
{[%clk 0:02:42]} 38. Re3 {[%clk 0:00:26]} Rh1+ {[%clk 0:01:47]} 39. Kf2
{[%clk 0:00:34]} h5 {[%clk 0:01:18]} 40. gxh5 {[%clk 0:00:38]} Rxh5
{[%clk 0:01:26]} 41. f6 {[%clk 0:00:22]} gxf6 {[%clk 0:01:27]} 42. Rg3
{[%clk 0:00:29]} Bc2 {[%clk 0:00:42]} 43. Rg1 {[%clk 0:00:30]} Bxa4
{[%clk 0:00:30]} 44. Ra1 {[%clk 0:00:38]} Bd7 {[%clk 0:00:28]} 45. Rxa5
{[%clk 0:00:46]} c6 {[%clk 0:00:37]} 46. Ke3 {[%clk 0:00:36]} Ke6
{[%clk 0:00:46]} 47. Ra1 {[%clk 0:00:41]} Rh3+ {[%clk 0:00:54]} 48. Kf4
{[%clk 0:00:48]} Rh4+ {[%clk 0:00:47]} 49. Ke3 {[%clk 0:00:55]} Be8
{[%clk 0:00:51]} 50. Rf1 {[%clk 0:00:56]} Rh3+ {[%clk 0:01:00]} 51. Kf4
{[%clk 0:01:02]} Bh5 {[%clk 0:00:49]} 52. Re1+ {[%clk 0:01:10]} Kf7
{[%clk 0:00:55]} 53. Rf1 {[%clk 0:01:19]} c5 {[%clk 0:00:58]} 54. Bxc5
{[%clk 0:00:58]} Rxc3 {[%clk 0:01:06]} 55. Be3 {[%clk 0:01:06]} Rd3
{[%clk 0:01:09]} 0-1

[Event "Russian Rapid Championship (m)"]
[Site "Sochi"]
[Date "2022.10.16"]
[Round "9.5"]
[White "Savchenko, Boris"]
[Black "Afanasiev, Nikita"]
[Result "1/2-1/2"]
[BlackElo "2535"]
[WhiteElo "2605"]
[LiveChessVersion "1.4.8"]

1. c4 {[%clk 0:15:18]} e5 {[%clk 0:15:12]} 2. g3 {[%clk 0:15:24]} Nf6
{[%clk 0:15:09]} 3. Bg2 {[%clk 0:15:32]} Bc5 {[%clk 0:14:54]} 4. Nc3
{[%clk 0:15:07]} O-O {[%clk 0:14:55]} 5. Nf3 {[%clk 0:15:14]} d6 {[%clk 0:15:02]}
6. O-O {[%clk 0:15:09]} Nc6 {[%clk 0:15:09]} 7. a3 {[%clk 0:15:13]} a6
{[%clk 0:15:17]} 8. e3 {[%clk 0:15:19]} Bf5 {[%clk 0:15:01]} 9. d4
{[%clk 0:15:26]} Ba7 {[%clk 0:15:09]} 10. h3 {[%clk 0:15:20]} h6 {[%clk 0:15:15]}
11. b4 {[%clk 0:15:23]} Re8 {[%clk 0:15:15]} 12. g4 {[%clk 0:13:45]} Bh7
{[%clk 0:15:00]} 13. dxe5 {[%clk 0:13:47]} dxe5 {[%clk 0:14:56]} 14. c5
{[%clk 0:13:37]} e4 {[%clk 0:14:41]} 15. Nd4 {[%clk 0:12:09]} Nxd4
{[%clk 0:13:47]} 16. exd4 {[%clk 0:11:01]} c6 {[%clk 0:13:55]} 17. g5 hxg5
{[%clk 0:13:10]} 18. Bxg5 {[%clk 0:11:15]} Bb8 {[%clk 0:13:19]} 19. Re1
{[%clk 0:11:20]} Qd7 {[%clk 0:10:57]} 20. Bxf6 {[%clk 0:10:38]} gxf6
{[%clk 0:11:06]} 21. Qg4+ {[%clk 0:10:09]} Qxg4 {[%clk 0:11:13]} 22. hxg4
{[%clk 0:10:16]} Bf4 {[%clk 0:11:21]} 23. Rad1 {[%clk 0:06:38]} e3
{[%clk 0:11:11]} 24. d5 {[%clk 0:06:45]} exf2+ {[%clk 0:09:51]} 25. Kxf2
{[%clk 0:06:52]} Rxe1 {[%clk 0:09:59]} 26. Kxe1 {[%clk 0:05:56]} Be5
{[%clk 0:10:07]} 27. Ne2 {[%clk 0:04:23]} Bb2 {[%clk 0:04:50]} 28. dxc6
{[%clk 0:04:27]} bxc6 {[%clk 0:04:58]} 29. Bxc6 {[%clk 0:04:35]} Rb8
{[%clk 0:04:41]} 30. Nf4 {[%clk 0:01:27]} Bxa3 {[%clk 0:04:03]} 31. Nd5
{[%clk 0:01:35]} Rxb4 {[%clk 0:03:39]} 32. Nxf6+ {[%clk 0:00:54]} Kg7
{[%clk 0:03:48]} 33. Nxh7 {[%clk 0:01:01]} Rxg4 {[%clk 0:03:48]} 34. Rd3
{[%clk 0:00:30]} Bb4+ {[%clk 0:03:28]} 1/2-1/2

[Event "Russian Rapid Championship (m)"]
[Site "Sochi"]
[Date "2022.10.16"]
[Round "9.6"]
[White "Shomoev, Anton"]
[Black "Khegay, Dmitriy"]
[Result "1-0"]
[BlackElo "2486"]
[WhiteElo "2553"]
[LiveChessVersion "1.4.8"]

1. e4 {[%clk 0:15:18]} c5 {[%clk 0:15:19]} 2. Nf3 {[%clk 0:15:26]} d6
{[%clk 0:15:28]} 3. d4 {[%clk 0:15:35]} cxd4 {[%clk 0:15:37]} 4. Nxd4
{[%clk 0:15:45]} Nf6 {[%clk 0:15:46]} 5. Nc3 {[%clk 0:15:53]} a6 {[%clk 0:15:55]}
6. Be3 {[%clk 0:16:02]} e5 {[%clk 0:16:04]} 7. Nb3 {[%clk 0:16:11]} Be6
{[%clk 0:16:12]} 8. f3 {[%clk 0:16:20]} h5 {[%clk 0:16:21]} 9. Nd5
{[%clk 0:16:22]} Bxd5 {[%clk 0:16:30]} 10. exd5 {[%clk 0:16:31]} Nbd7
{[%clk 0:16:37]} 11. Qd2 {[%clk 0:16:40]} g6 {[%clk 0:16:45]} 12. O-O-O
{[%clk 0:16:40]} Nb6 {[%clk 0:16:51]} 13. Kb1 {[%clk 0:16:46]} Nfxd5
{[%clk 0:16:58]} 14. Bf2 {[%clk 0:15:34]} Nf6 {[%clk 0:17:07]} 15. g3
{[%clk 0:13:22]} Be7 {[%clk 0:16:45]} 16. Bd3 {[%clk 0:12:57]} Qc7
{[%clk 0:16:04]} 17. Rhe1 {[%clk 0:13:05]} Nc4 {[%clk 0:15:02]} 18. Qe2
{[%clk 0:12:46]} d5 {[%clk 0:12:10]} 19. Nd2 {[%clk 0:12:40]} Nxd2+
{[%clk 0:11:50]} 20. Rxd2 {[%clk 0:12:49]} Nd7 {[%clk 0:11:08]} 21. c3
{[%clk 0:12:46]} Bc5 {[%clk 0:06:59]} 22. Bc2 {[%clk 0:10:50]} Bxf2
{[%clk 0:07:08]} 23. Qxf2 {[%clk 0:10:58]} O-O {[%clk 0:05:58]} 24. Rxd5
{[%clk 0:11:05]} Rfe8 {[%clk 0:06:07]} 25. Red1 {[%clk 0:10:33]} Nf6
{[%clk 0:06:15]} 26. Rd6 {[%clk 0:10:09]} Rad8 {[%clk 0:06:24]} 27. Qb6
{[%clk 0:09:23]} Qxb6 {[%clk 0:06:21]} 28. Rxb6 {[%clk 0:09:31]} Rxd1+
{[%clk 0:04:55]} 29. Bxd1 {[%clk 0:09:40]} Kg7 {[%clk 0:05:04]} 30. Rxb7
{[%clk 0:09:46]} e4 {[%clk 0:05:13]} 31. fxe4 {[%clk 0:09:27]} Nxe4
{[%clk 0:05:22]} 32. Ra7 {[%clk 0:08:36]} Re6 {[%clk 0:05:10]} 33. a4
{[%clk 0:07:54]} Nd2+ {[%clk 0:05:11]} 34. Ka2 {[%clk 0:07:00]} Nf1
{[%clk 0:02:37]} 35. Bb3 {[%clk 0:07:08]} Rf6 {[%clk 0:02:46]} 36. Bc4
{[%clk 0:07:16]} Nxh2 {[%clk 0:02:55]} 37. Rxa6 {[%clk 0:07:24]} Rf5
{[%clk 0:03:04]} 38. a5 {[%clk 0:06:00]} g5 {[%clk 0:03:12]} 39. b4
{[%clk 0:03:37]} h4 {[%clk 0:03:21]} 40. gxh4 {[%clk 0:03:46]} g4
{[%clk 0:03:30]} 41. Rd6 {[%clk 0:03:48]} Rf2+ {[%clk 0:01:50]} 42. Ka3
{[%clk 0:03:41]} g3 {[%clk 0:01:55]} 43. Rd1 {[%clk 0:00:43]} g2 {[%clk 0:02:04]}
44. a6 {[%clk 0:00:25]} Rf1 {[%clk 0:01:10]} 45. Rxf1 {[%clk 0:00:32]} Nxf1
{[%clk 0:01:19]} 46. a7 {[%clk 0:00:35]} g1=Q {[%clk 0:00:59]} 47. a8=Q
{[%clk 0:00:43]} Nd2 {[%clk 0:01:08]} 48. Qd5 {[%clk 0:00:24]} Qa1+
{[%clk 0:00:26]} 49. Ba2 {[%clk 0:00:33]} Qxc3+ {[%clk 0:00:15]} 50. Ka4
{[%clk 0:00:42]} Qc2+ {[%clk 0:00:16]} 51. Bb3 {[%clk 0:00:39]} Nxb3
{[%clk 0:00:13]} 52. Qxb3 {[%clk 0:00:48]} Qc6+ {[%clk 0:00:21]} 53. b5
{[%clk 0:00:50]} Qa8+ {[%clk 0:00:19]} 54. Kb4 {[%clk 0:01:00]} Qf8+
{[%clk 0:00:27]} 55. Qc4 {[%clk 0:01:09]} Qe7+ {[%clk 0:00:32]} 56. Kb3 f6 57.
Qg4+ {[%clk 0:01:12]} Kh6 {[%clk 0:00:25]} 58. h5 {[%clk 0:00:55]} Qe3+
{[%clk 0:00:20]} 59. Kc4 {[%clk 0:00:59]} Qc1+ {[%clk 0:00:26]} 60. Kd5
{[%clk 0:01:02]} Qd2+ {[%clk 0:00:27]} 61. Kc6 {[%clk 0:00:32]} Qc3+
{[%clk 0:00:29]} 62. Kb7 {[%clk 0:00:34]} Qd3 {[%clk 0:00:16]} 63. b6
{[%clk 0:00:23]} Qd5+ {[%clk 0:00:21]} 64. Kc7 {[%clk 0:00:32]} Qc5+
{[%clk 0:00:18]} 65. Kb7 {[%clk 0:00:28]} Qd5+ {[%clk 0:00:26]} 66. Ka6
{[%clk 0:00:33]} Qa8+ {[%clk 0:00:35]} 67. Kb5 {[%clk 0:00:42]} Qd5+
{[%clk 0:00:44]} 68. Kb4 {[%clk 0:00:51]} Qd2+ {[%clk 0:00:45]} 69. Kc5
{[%clk 0:00:51]} Qe3+ {[%clk 0:00:39]} 70. Qd4 {[%clk 0:00:58]} Qa3+
{[%clk 0:00:47]} 71. Kc6 {[%clk 0:00:55]} Qc1+ {[%clk 0:00:52]} 72. Kd7
{[%clk 0:00:46]} Qb1 {[%clk 0:00:29]} 73. Qxf6+ {[%clk 0:00:45]} Kxh5
{[%clk 0:00:37]} 74. Qe5+ {[%clk 0:00:47]} Kh4 {[%clk 0:00:47]} 75. Qd4+
{[%clk 0:00:48]} Kh3 {[%clk 0:00:55]} 76. Qc3+ {[%clk 0:00:38]} Kh4
{[%clk 0:01:03]} 77. Qc4+ {[%clk 0:00:41]} Kh3 {[%clk 0:01:11]} 78. Qe6+
{[%clk 0:00:41]} Kh4 {[%clk 0:01:20]} 79. Kc7 {[%clk 0:00:22]} Qc2+
{[%clk 0:01:16]} 80. Kb8 {[%clk 0:00:24]} Qh2+ {[%clk 0:01:15]} 81. Ka7
{[%clk 0:00:26]} Qd2 {[%clk 0:01:22]} 82. Qc4+ {[%clk 0:00:24]} Kh3
{[%clk 0:01:31]} 83. Qb3+ {[%clk 0:00:30]} Kh4 {[%clk 0:01:40]} 84. Qa4+
{[%clk 0:00:21]} Kh3 {[%clk 0:01:49]} 85. b7 {[%clk 0:00:29]} Qe3+
{[%clk 0:01:49]} 86. Ka8 {[%clk 0:00:34]} Qf3 {[%clk 0:01:58]} 87. Qb4
{[%clk 0:00:35]} Qd5 {[%clk 0:01:58]} 88. Ka7 {[%clk 0:00:42]} Qa2+
{[%clk 0:01:57]} 89. Kb6 {[%clk 0:00:51]} Qe6+ {[%clk 0:02:06]} 90. Kc7
{[%clk 0:00:40]} Qf7+ {[%clk 0:02:04]} 91. Kc6 {[%clk 0:00:49]} Qe8+
{[%clk 0:02:03]} 92. Kc5 {[%clk 0:00:50]} Qe7+ {[%clk 0:02:05]} 93. Kc4
{[%clk 0:00:59]} Qe2+ {[%clk 0:01:52]} 94. Kb3 {[%clk 0:01:08]} Qd1+
{[%clk 0:01:45]} 95. Kb2 {[%clk 0:01:17]} Qe2+ {[%clk 0:01:53]} 96. Ka3
{[%clk 0:01:26]} Qa6+ {[%clk 0:02:02]} 97. Kb3 {[%clk 0:01:33]} Qe6+
{[%clk 0:02:11]} 98. Kc2 {[%clk 0:01:35]} Qf5+ {[%clk 0:01:44]} 99. Kb2
{[%clk 0:01:41]} Qf2+ {[%clk 0:01:50]} 100. Kb3 {[%clk 0:01:50]} Qf7+
{[%clk 0:01:46]} 101. Ka3 {[%clk 0:02:00]} Qf6 {[%clk 0:01:06]} 102. Qb3+
{[%clk 0:01:33]} Kg2 {[%clk 0:01:14]} 103. b8=Q {[%clk 0:01:41]} 1-0

[Event "Russian Rapid Championship (m)"]
[Site "Sochi"]
[Date "2022.10.16"]
[Round "9.8"]
[White "Smirnov, Pavel"]
[Black "Grachev, Boris"]
[Result "1/2-1/2"]
[BlackElo "2612"]
[WhiteElo "2458"]
[LiveChessVersion "1.4.8"]

1. d4 {[%clk 0:15:17]} d5 {[%clk 0:15:19]} 2. c4 {[%clk 0:15:25]} e6
{[%clk 0:15:26]} 3. Nf3 {[%clk 0:15:30]} Nf6 {[%clk 0:15:33]} 4. g3
{[%clk 0:15:37]} Be7 {[%clk 0:15:33]} 5. Bg2 {[%clk 0:15:43]} O-O
{[%clk 0:15:40]} 6. Qc2 {[%clk 0:15:12]} Nbd7 {[%clk 0:15:37]} 7. O-O
{[%clk 0:15:13]} c6 {[%clk 0:15:46]} 8. Nbd2 {[%clk 0:15:01]} b6 {[%clk 0:15:54]}
9. e4 {[%clk 0:15:09]} dxc4 {[%clk 0:16:03]} 10. Nxc4 {[%clk 0:15:09]} Bb7
{[%clk 0:16:12]} 11. Bf4 {[%clk 0:10:51]} c5 {[%clk 0:15:44]} 12. Rfe1
{[%clk 0:11:00]} cxd4 {[%clk 0:15:34]} 13. Nd6 {[%clk 0:11:08]} Bxd6
{[%clk 0:15:30]} 14. Bxd6 {[%clk 0:11:16]} d3 {[%clk 0:15:37]} 15. Qxd3
{[%clk 0:11:06]} Bxe4 {[%clk 0:15:31]} 16. Qd4 {[%clk 0:10:28]} e5
{[%clk 0:15:00]} 17. Nxe5 {[%clk 0:10:20]} Nxe5 {[%clk 0:14:32]} 18. Bxe5
{[%clk 0:09:31]} Bxg2 {[%clk 0:14:04]} 19. Kxg2 {[%clk 0:09:38]} Qd5+
{[%clk 0:13:07]} 20. Kg1 {[%clk 0:09:15]} Qxd4 {[%clk 0:13:04]} 21. Bxd4
{[%clk 0:09:23]} Rfd8 {[%clk 0:13:12]} 22. Bxf6 {[%clk 0:08:34]} gxf6
{[%clk 0:13:20]} 23. Re7 {[%clk 0:08:29]} a6 {[%clk 0:11:01]} 24. Rc1
{[%clk 0:07:55]} Rac8 {[%clk 0:10:51]} 25. Rxc8 {[%clk 0:07:28]} Rxc8 26. Rb7
{[%clk 0:07:36]} b5 {[%clk 0:09:59]} 27. Rb6 {[%clk 0:07:42]} Rc2
{[%clk 0:10:07]} 28. Rxa6 {[%clk 0:06:54]} 1/2-1/2

[Event "Russian Rapid Championship (m)"]
[Site "Sochi"]
[Date "2022.10.16"]
[Round "9.9"]
[White "Timofeev, Artyom"]
[Black "Drygalov, Andrey"]
[Result "1-0"]
[BlackElo "2456"]
[WhiteElo "2560"]
[LiveChessVersion "1.4.8"]

1. e4 {[%clk 0:15:17]} c5 {[%clk 0:15:19]} 2. Nc3 {[%clk 0:15:23]} d6
{[%clk 0:15:28]} 3. Nf3 {[%clk 0:15:29]} Nf6 {[%clk 0:15:36]} 4. d4
{[%clk 0:15:36]} cxd4 {[%clk 0:15:44]} 5. Nxd4 {[%clk 0:15:45]} a6
{[%clk 0:15:53]} 6. Be3 {[%clk 0:15:52]} e5 {[%clk 0:15:55]} 7. Nf3
{[%clk 0:15:59]} Be7 {[%clk 0:16:04]} 8. Bc4 {[%clk 0:16:07]} O-O
{[%clk 0:16:11]} 9. O-O {[%clk 0:16:14]} Be6 {[%clk 0:16:18]} 10. Qd3
{[%clk 0:16:20]} b5 {[%clk 0:14:24]} 11. Bb3 {[%clk 0:16:23]} Qc7
{[%clk 0:14:29]} 12. Rfd1 {[%clk 0:15:50]} Rc8 {[%clk 0:13:25]} 13. Nh4
{[%clk 0:12:25]} g6 {[%clk 0:12:54]} 14. Bg5 {[%clk 0:11:53]} Nbd7
{[%clk 0:12:31]} 15. Bxe6 {[%clk 0:11:05]} fxe6 {[%clk 0:12:39]} 16. Qh3
{[%clk 0:11:13]} Nf8 {[%clk 0:12:05]} 17. a3 {[%clk 0:11:12]} Qd7
{[%clk 0:06:58]} 18. Nf3 {[%clk 0:11:15]} Rc5 {[%clk 0:06:27]} 19. Be3
{[%clk 0:11:01]} Rxc3 {[%clk 0:06:27]} 20. bxc3 {[%clk 0:11:09]} Qc6
{[%clk 0:05:55]} 21. Bh6 {[%clk 0:10:19]} N6d7 {[%clk 0:05:18]} 22. Ng5
{[%clk 0:09:09]} Qc4 {[%clk 0:04:00]} 23. Qf3 {[%clk 0:08:37]} Nf6
{[%clk 0:01:52]} 24. Rxd6 {[%clk 0:08:27]} Bxd6 {[%clk 0:02:00]} 25. Qxf6
{[%clk 0:08:35]} Qc7 {[%clk 0:02:03]} 26. Nxe6 {[%clk 0:04:01]} Qf7
{[%clk 0:01:18]} 27. Qxf7+ {[%clk 0:03:22]} Kxf7 {[%clk 0:01:27]} 28. Nxf8
{[%clk 0:03:30]} Bxf8 {[%clk 0:01:35]} 29. Bxf8 {[%clk 0:03:39]} Rxf8
{[%clk 0:01:41]} 30. a4 {[%clk 0:03:44]} Rc8 {[%clk 0:01:03]} 31. axb5
{[%clk 0:03:51]} axb5 {[%clk 0:01:13]} 32. Ra3 {[%clk 0:03:55]} Rd8
{[%clk 0:00:28]} 33. Kf1 {[%clk 0:03:33]} Rd2 {[%clk 0:00:31]} 34. Ra2
{[%clk 0:03:40]} Rd1+ {[%clk 0:00:23]} 35. Ke2 {[%clk 0:03:48]} Rh1
{[%clk 0:00:27]} 36. Ra7+ {[%clk 0:03:50]} Ke6 {[%clk 0:00:27]} 37. Rxh7
{[%clk 0:03:24]} Rc1 {[%clk 0:00:36]} 38. Kd2 {[%clk 0:03:29]} Rf1
{[%clk 0:00:44]} 39. Ke3 {[%clk 0:03:38]} Re1+ {[%clk 0:00:24]} 40. Kf3
{[%clk 0:03:43]} Kd6 {[%clk 0:00:23]} 41. Rg7 {[%clk 0:03:40]} Rc1
{[%clk 0:00:31]} 42. Rxg6+ {[%clk 0:03:48]} Kc5 {[%clk 0:00:23]} 43. Ke3
{[%clk 0:03:16]} Rxc2 {[%clk 0:00:29]} 44. Kd3 {[%clk 0:03:24]} Rxf2
{[%clk 0:00:37]} 45. Rg5 {[%clk 0:03:09]} Kd6 {[%clk 0:00:46]} 46. h4
{[%clk 0:03:17]} Rf1 {[%clk 0:00:24]} 47. h5 {[%clk 0:03:19]} Rd1+
{[%clk 0:00:24]} 48. Ke2 {[%clk 0:03:19]} Rh1 {[%clk 0:00:29]} 49. g4
{[%clk 0:03:13]} Rh3 {[%clk 0:00:37]} 50. Kd2 {[%clk 0:03:17]} Ke6
{[%clk 0:00:39]} 51. Rg6+ {[%clk 0:03:11]} Kf7 {[%clk 0:00:34]} 52. Rb6
{[%clk 0:03:18]} Rh2+ {[%clk 0:00:41]} 53. Kd3 {[%clk 0:03:18]} Rh3+
{[%clk 0:00:50]} 54. Kc2 {[%clk 0:03:16]} Rh2+ {[%clk 0:00:57]} 55. Kb3
{[%clk 0:03:23]} Re2 {[%clk 0:00:57]} 56. g5 {[%clk 0:03:20]} Rxe4
{[%clk 0:01:05]} 57. g6+ {[%clk 0:03:26]} Kg7 {[%clk 0:00:53]} 58. Rb7+
{[%clk 0:03:34]} Kf6 {[%clk 0:01:02]} 59. Rf7+ {[%clk 0:03:38]} Ke6
{[%clk 0:01:11]} 60. h6 {[%clk 0:03:45]} Rg4 {[%clk 0:01:20]} 61. h7
{[%clk 0:03:52]} Rxg6 {[%clk 0:01:29]} 62. Rf8 {[%clk 0:04:00]} Kd5 1-0

[Event "Russian Rapid Championship (m)"]
[Site "Sochi"]
[Date "2022.10.16"]
[Round "9.10"]
[White "Pridorozhni, Aleksei"]
[Black "Moiseenko, Vadim"]
[Result "1-0"]
[BlackElo "2429"]
[WhiteElo "2538"]
[LiveChessVersion "1.4.8"]

1. e4 {[%clk 0:15:18]} c5 {[%clk 0:11:19]} 2. Nf3 {[%clk 0:15:26]} d6
{[%clk 0:11:27]} 3. Bb5+ {[%clk 0:15:32]} Bd7 {[%clk 0:11:36]} 4. Bxd7+
{[%clk 0:15:33]} Qxd7 {[%clk 0:11:44]} 5. O-O {[%clk 0:15:39]} Nc6
{[%clk 0:11:50]} 6. c4 {[%clk 0:15:42]} e5 {[%clk 0:11:35]} 7. Nc3
{[%clk 0:15:45]} Be7 {[%clk 0:11:43]} 8. d3 {[%clk 0:15:51]} Bd8 {[%clk 0:11:50]}
9. Ne1 {[%clk 0:15:21]} Nge7 {[%clk 0:10:18]} 10. f4 {[%clk 0:15:25]} exf4
{[%clk 0:10:14]} 11. Bxf4 {[%clk 0:15:30]} O-O {[%clk 0:10:19]} 12. Nf3
{[%clk 0:13:32]} Ba5 {[%clk 0:10:26]} 13. Nd5 {[%clk 0:12:18]} Nxd5
{[%clk 0:10:23]} 14. cxd5 {[%clk 0:11:58]} Ne7 {[%clk 0:10:29]} 15. h3
{[%clk 0:11:57]} Ng6 {[%clk 0:09:53]} 16. Bh2 {[%clk 0:12:04]} Rae8
{[%clk 0:09:48]} 17. Qc2 {[%clk 0:12:09]} Bd8 {[%clk 0:09:42]} 18. Nd2
{[%clk 0:11:37]} f5 {[%clk 0:08:39]} 19. Nc4 {[%clk 0:11:41]} f4 {[%clk 0:08:44]}
20. a4 {[%clk 0:11:45]} Bf6 {[%clk 0:08:36]} 21. Kh1 {[%clk 0:11:48]} Bd4
{[%clk 0:08:16]} 22. Rf3 {[%clk 0:11:46]} Rf6 {[%clk 0:07:44]} 23. Raf1
{[%clk 0:11:54]} Ref8 {[%clk 0:07:53]} 24. b3 {[%clk 0:11:59]} b6
{[%clk 0:06:42]} 25. Qd2 {[%clk 0:12:03]} Be5 {[%clk 0:06:49]} 26. Nxe5
{[%clk 0:11:07]} dxe5 {[%clk 0:06:53]} 27. Qe1 {[%clk 0:11:15]} Ne7
{[%clk 0:06:20]} 28. b4 {[%clk 0:10:38]} cxb4 {[%clk 0:06:04]} 29. Qxb4
{[%clk 0:10:47]} g5 {[%clk 0:06:12]} 30. d4 {[%clk 0:09:34]} Ng6 {[%clk 0:06:20]}
31. Rc3 {[%clk 0:09:20]} g4 {[%clk 0:05:03]} 32. dxe5 {[%clk 0:08:34]} Nxe5
{[%clk 0:05:11]} 33. Qd4 {[%clk 0:08:42]} f3 {[%clk 0:05:02]} 34. Kg1
{[%clk 0:07:33]} f2+ {[%clk 0:03:50]} 35. Kh1 {[%clk 0:07:39]} Nf3
{[%clk 0:03:54]} 36. gxf3 {[%clk 0:07:30]} g3 {[%clk 0:04:02]} 37. f4
{[%clk 0:07:32]} Rg6 {[%clk 0:04:06]} 38. Rxg3 {[%clk 0:07:10]} Rxg3
{[%clk 0:04:11]} 39. f5 {[%clk 0:07:14]} Rxh3 {[%clk 0:02:38]} 40. Rxf2
{[%clk 0:07:06]} h5 {[%clk 0:02:30]} 41. Qe5 {[%clk 0:04:31]} Re8
{[%clk 0:01:31]} 42. Rg2+ {[%clk 0:04:24]} Kh7 {[%clk 0:01:35]} 43. Qf6
{[%clk 0:04:31]} Rg8 {[%clk 0:01:09]} 44. Rxg8 {[%clk 0:04:06]} Kxg8
{[%clk 0:01:18]} 45. Kg2 {[%clk 0:04:11]} Rd3 {[%clk 0:00:56]} 46. Be5
{[%clk 0:04:05]} 1-0

[Event "Russian Rapid Championship (m)"]
[Site "Sochi"]
[Date "2022.10.16"]
[Round "9.11"]
[White "Alekseev, Evgeny"]
[Black "Gontcharov, Vladislav"]
[Result "1/2-1/2"]
[BlackElo "2366"]
[WhiteElo "2533"]
[LiveChessVersion "1.4.8"]

1. e4 {[%clk 0:15:18]} e6 {[%clk 0:15:19]} 2. d4 {[%clk 0:15:26]} d5
{[%clk 0:15:27]} 3. Nc3 {[%clk 0:15:34]} Bb4 {[%clk 0:15:31]} 4. exd5
{[%clk 0:15:41]} exd5 {[%clk 0:15:09]} 5. Bd3 {[%clk 0:15:48]} c6
{[%clk 0:13:33]} 6. Nge2 {[%clk 0:15:00]} Nf6 {[%clk 0:13:12]} 7. O-O
{[%clk 0:14:39]} O-O {[%clk 0:12:59]} 8. Ng3 {[%clk 0:13:35]} Re8
{[%clk 0:12:33]} 9. Nce2 {[%clk 0:13:06]} Nbd7 {[%clk 0:11:50]} 10. c3
{[%clk 0:13:15]} Bd6 {[%clk 0:11:39]} 11. Nf5 {[%clk 0:12:57]} Bc7
{[%clk 0:11:35]} 12. Neg3 {[%clk 0:12:04]} Nf8 {[%clk 0:11:16]} 13. Qf3
{[%clk 0:10:47]} Bxf5 {[%clk 0:09:43]} 14. Nxf5 {[%clk 0:10:08]} Ne6
{[%clk 0:08:48]} 15. Bd2 {[%clk 0:08:39]} g6 {[%clk 0:07:55]} 16. Nh6+
{[%clk 0:08:27]} Kg7 {[%clk 0:08:01]} 17. Rae1 {[%clk 0:08:09]} Qd6
{[%clk 0:07:20]} 18. g3 {[%clk 0:07:34]} Re7 {[%clk 0:04:42]} 19. h4
{[%clk 0:05:03]} Rae8 {[%clk 0:04:04]} 20. h5 {[%clk 0:05:12]} Ng5
{[%clk 0:02:05]} 21. Bxg5 {[%clk 0:02:53]} Rxe1 {[%clk 0:02:14]} 22. Nf5+
{[%clk 0:00:15]} gxf5 {[%clk 0:02:16]} 23. h6+ {[%clk 0:00:14]} Kg8
{[%clk 0:00:56]} 24. Qxf5 {[%clk 0:00:23]} Rxf1+ {[%clk 0:00:43]} 25. Kxf1
{[%clk 0:00:32]} Ne4 {[%clk 0:00:24]} 26. Bf4 {[%clk 0:00:41]} Qe6
{[%clk 0:00:16]} 27. Qxe6 {[%clk 0:00:32]} Rxe6 {[%clk 0:00:25]} 28. Bxc7
{[%clk 0:00:40]} Rxh6 {[%clk 0:00:34]} 29. Kg2 {[%clk 0:00:41]} Nd6
{[%clk 0:00:38]} 30. f3 {[%clk 0:00:31]} Re6 {[%clk 0:00:40]} 31. Kf2
{[%clk 0:00:40]} h6 {[%clk 0:00:48]} 32. Bb8 {[%clk 0:00:46]} a6 {[%clk 0:00:53]}
33. a4 {[%clk 0:00:46]} Kf8 {[%clk 0:01:01]} 34. Ba7 {[%clk 0:00:45]} Ke8
{[%clk 0:01:09]} 35. b3 {[%clk 0:00:35]} Kd7 {[%clk 0:00:52]} 36. Bc5
{[%clk 0:00:42]} h5 {[%clk 0:00:52]} 37. Ba3 {[%clk 0:00:35]} Rf6
{[%clk 0:00:53]} 38. Kg2 {[%clk 0:00:37]} Rh6 {[%clk 0:00:48]} 39. Bc1
{[%clk 0:00:46]} Rh8 {[%clk 0:00:56]} 40. Bf4 {[%clk 0:00:21]} Ke6
{[%clk 0:01:02]} 41. Kh3 {[%clk 0:00:29]} Nf5 {[%clk 0:01:04]} 42. Be5
{[%clk 0:00:25]} Rg8 {[%clk 0:01:09]} 43. Bf4 {[%clk 0:00:34]} Rc8
{[%clk 0:00:56]} 44. b4 {[%clk 0:00:29]} Ne7 {[%clk 0:00:38]} 45. Bd2
{[%clk 0:00:20]} Ng6 {[%clk 0:00:45]} 46. a5 {[%clk 0:00:25]} f5 {[%clk 0:00:43]}
47. Bg5 {[%clk 0:00:26]} Rb8 {[%clk 0:00:33]} 48. Bd2 {[%clk 0:00:14]} b6
{[%clk 0:00:41]} 49. axb6 {[%clk 0:00:19]} Rxb6 {[%clk 0:00:51]} 50. Bg5
{[%clk 0:00:22]} a5 {[%clk 0:00:27]} 51. Bd8 {[%clk 0:00:22]} Rb8
{[%clk 0:00:27]} 52. Bxa5 {[%clk 0:00:31]} h4 {[%clk 0:00:36]} 53. Kh2
{[%clk 0:00:17]} hxg3+ {[%clk 0:00:36]} 54. Kxg3 {[%clk 0:00:26]} Rh8
{[%clk 0:00:45]} 55. Bc7 {[%clk 0:00:22]} Rh1 {[%clk 0:00:49]} 56. c4
{[%clk 0:00:16]} Rd1 {[%clk 0:00:39]} 57. Be2 {[%clk 0:00:16]} Rxd4
{[%clk 0:00:42]} 58. b5 {[%clk 0:00:18]} cxb5 {[%clk 0:00:16]} 59. cxb5
{[%clk 0:00:27]} Kd7 {[%clk 0:00:16]} 60. b6 {[%clk 0:00:35]} Kc6
{[%clk 0:00:22]} 61. Bb5+ {[%clk 0:00:20]} Kb7 {[%clk 0:00:31]} 62. Bd7
{[%clk 0:00:25]} f4+ {[%clk 0:00:14]} 63. Kg4 {[%clk 0:00:32]} Rc4
{[%clk 0:00:19]} 64. Be6 {[%clk 0:00:21]} Rxc7 {[%clk 0:00:12]} 65. bxc7
{[%clk 0:00:23]} Kxc7 {[%clk 0:00:21]} 66. Bxd5 {[%clk 0:00:30]} Ne5+
{[%clk 0:00:30]} 1/2-1/2